| 000 | 00483nam a2200181 4500 | ||
|---|---|---|---|
| 003 | OSt | ||
| 005 | 20260530113922.0 | ||
| 008 | 260520b |||||||| |||| 00| 0 spa d | ||
| 040 |
_aICI _bspa _cICI _erda |
||
| 050 |
_aAP66 _b.P58 |
||
| 100 |
_aExcélsior _eautor _934734 |
||
| 245 | _aPlural: Revista cultural Excélsior | ||
| 264 |
_aMéxico _bExcélsior _c1986 |
||
| 336 |
_2rdacontent _atexto |
||
| 337 |
_2rdamedia _asin medio |
||
| 338 |
_2rdacarrier _avolumen |
||
| 942 |
_2lcc _n1 _cBK |
||
| 999 |
_c12481 _d12481 |
||